000 00672nam a2200193Ia 4500
003 GCL
008 140319s9999 xx 000 0 ara d
040 _aGCL /
_cGCL
082 0 4 _a070.962
_bى ا
100 1 _aيونان لبيب رزق
245 1 0 _aالاهرام: ديوان الحياة المعاصرة: ج1?, 1876 - 1882 /
_cيونان لبيب رزق
300 _a259 ص
490 _aالهيئة العامة للاستعلامات
_v0
650 0 4 _aالاهرام، مقالات
650 0 4 _aالاهرام (صحيفة)
650 0 4 _aمصر - الاحوال السياسية
650 0 4 _aمصر - الاحوال الاجتماعية
942 _2ddc
_cBK
999 _c48496
_d48496